| 000 | 00807cam a22002177a 4500 | ||
|---|---|---|---|
| 020 | _a9251054029 (pt. 1 : pbk.) | ||
| 020 | _a9251054576 (pt. 2 : pbk.) | ||
| 040 | _cUKM | ||
| 082 | 0 | 4 | _a338 FOO 2005 A079 Or. |
| 245 | 1 | 0 |
_aDeep Sea 2003 : _bconference on the governance and management of deep-sea fisheries / |
| 260 |
_aRome : _bFood and Agriculture Organization of the United Nations, _c2005- |
||
| 300 |
_a2 v. : _bill. (some col.), maps (some col.) ; _c30 cm. |
||
| 500 | _a"Queenstown, New Zealand, 1-5 December 2003. Dunedin, New Zealand, 27-29 November 2003" | ||
| 650 | 0 | _aFishery management | |
| 650 | 0 | _aFisheries | |
| 650 | 0 | _aFishery policy | |
| 650 | 0 | _aDeep-sea fisheries. | |
| 700 | 1 | _aShotton, R. | |
| 710 | 2 | _aFood and Agriculture Organization of the United Nations. | |
| 942 | _cEK | ||
| 999 |
_c15996 _d15996 |
||